Voces mapuches: mapuche dungu
Enregistré dans:
| Auteurs principaux: | , |
|---|---|
| Format: | Livre |
| Langue: | espagnol |
| Publié: |
Santiago
Museo Chileno de Arte Precolombino
2002
|
| Sujets: | |
| Tags: |
Ajouter un tag
Pas de tags, Soyez le premier à ajouter un tag!
|
MARC
| LEADER | 00000nam a2200000 a 4500 | ||
|---|---|---|---|
| 001 | UCH4558 | ||
| 003 | CL-VaPUC | ||
| 008 | 090827e20020000CL |||||||||||||||||spa|d | ||
| 020 | |a 9562430391 | ||
| 082 | 0 | 4 | |a Ch861.98 |b ALD |2 21 |
| 100 | 0 | |a Aldunate del Solar, Carlos Alberto |e author |9 540121 | |
| 700 | |a Lienlaf Lienlaf, Leonel Iván |e author |9 540122 | ||
| 245 | 1 | 0 | |a Voces mapuches: mapuche dungu |
| 300 | |a 148 p | ||
| 942 | |c BK | ||
| 945 | |d 20090827 00:00:00 |a rbrito | ||
| 260 | |a Santiago |b Museo Chileno de Arte Precolombino |c 2002 | ||
| 650 | 7 | |a POESIAS MAPUCHES |2 CL-VaPUC |9 540123 | |
| 650 | 0 | |a Poesías chilenas |9 265280 | |
| 583 | |a last modification |c 20190712 10:45:08 |k Rodrigo Vera | ||
| 999 | |c 335838 |d 335836 | ||
| 952 | |0 0 |1 0 |4 0 |6 CH_861_980000000000000_ALD_2002 |7 0 |8 X |9 426575 |a FDOMLP |b FDOMLP |d 2019-11-22 |i 4592697 |o Ch861.98 ALD 2002 |p 4592697 |r 2019-11-22 |w 2019-11-22 |y BK_X |k BUD | ||